[Event "Saratov Rating qual"]
[Site "Saratov"]
[Date "2008.08.20"]
[Round "9"]
[White "Sukhov, Maxim"]
[Black "Vetryansky, Vladimir"]
[Result "1/2-1/2"]
[WhiteElo "2110"]
[BlackElo "2074"]
[PlyCount "61"]
[EventDate "2008.08.11"]
[EventType "tourn"]
[EventRounds "10"]
[EventCountry "RUS"]
[SourceTitle "EXT 2022"]
[Source "ChessBase"]
[SourceDate "2021.10.06"]
[SourceVersion "1"]
[SourceVersionDate "2021.10.06"]
[SourceQuality "1"]

1. e4 c6 2. d4 d5 3. e5 Bf5 4. c4 e6 5. Nc3 dxc4 6. Bxc4 Nd7 7. Nge2 Ne7 8. 0-0 Nb6 9. Bb3 Ned5 10. Ng3 Bg6 11. f4 Be7 12. f5 exf5 13. Nxf5 0-0 14. Qf3 Qd7 15. Nxe7+ Qxe7 16. Bd2 Qh4 17. Qf2 Qxf2+ 18. Rxf2 Rad8 19. a4 Nc7 20. a5 Nbd5 21. Nxd5 Nxd5 22. a6 b6 23. Rc1 Rc8 24. Ba4 b5 25. Bb3 Be4 26. Re1 Bd3 27. Bxd5 cxd5 28. Bb4 Rfe8 29. Bc5 Re6 30. Re3 Be4 31. Ra3 1/2-1/2

[Event "Astrakhan op"]
[Site "Astrakhan"]
[Date "2008.08.19"]
[Round "?"]
[White "Petrov, Pavel"]
[Black "Sukhov, Maxim"]
[Result "1/2-1/2"]
[WhiteElo "1997"]
[BlackElo "2110"]
[PlyCount "39"]
[EventDate "2008.08.19"]
[EventType "swiss"]
[EventRounds "9"]
[EventCountry "RUS"]
[SourceTitle "EXT 2022"]
[Source "ChessBase"]
[SourceDate "2021.10.06"]
[SourceVersion "1"]
[SourceVersionDate "2021.10.06"]
[SourceQuality "1"]

1. e4 c5 2. c3 Nf6 3. e5 Nd5 4. d4 cxd4 5. Nf3 e6 6. cxd4 b6 7. Bg5 Be7 8. Bxe7 Qxe7 9. Nc3 Nxc3 10. bxc3 0-0 11. Bd3 Bb7 12. 0-0 d6 13. Qe2 Nd7 14. exd6 Qxd6 15. Rac1 Rac8 16. Rc2 Rc7 17. Be4 Bxe4 18. Qxe4 Rfc8 19. Rfc1 h6 20. c4 1/2-1/2

[Event "Astrakhan op"]
[Site "Astrakhan"]
[Date "2008.08.19"]
[Round "?"]
[White "Sukhov, Maxim"]
[Black "Ektova, Elena"]
[Result "1-0"]
[WhiteElo "2110"]
[BlackElo "1803"]
[PlyCount "67"]
[EventDate "2008.08.19"]
[EventType "swiss"]
[EventRounds "9"]
[EventCountry "RUS"]
[SourceTitle "EXT 2022"]
[Source "ChessBase"]
[SourceDate "2021.10.06"]
[SourceVersion "1"]
[SourceVersionDate "2021.10.06"]
[SourceQuality "1"]

1. e4 c6 2. d4 d5 3. Nd2 dxe4 4. Nxe4 g6 5. h3 Bg7 6. Nf3 Nf6 7. Nxf6+ Bxf6 8. c3 0-0 9. Bc4 Nd7 10. Bf4 Nb6 11. Bb3 Bf5 12. 0-0 Rc8 13. Bh6 Re8 14. Re1 Nd5 15. Ne5 Bg7 16. Bxg7 Kxg7 17. Qf3 Rf8 18. Rad1 a5 19. c4 Nb6 20. a4 Qc7 21. Qc3 f6 22. Nf3 Na8 23. g4 Bxg4 24. hxg4 Rfe8 25. c5 Rcd8 26. Re4 Rd7 27. Rde1 Qd8 28. Qc4 Rf8 29. Qe2 Re8 30. Be6 Rc7 31. g5 b6 32. Ba2 f5 33. Re6 Kf8 34. Qe5 1-0

[Event "Saratov Rating qual"]
[Site "Saratov"]
[Date "2008.08.12"]
[Round "2"]
[White "Sukhov, Maxim"]
[Black "Fedorova, Tatiana"]
[Result "1-0"]
[WhiteElo "2110"]
[BlackElo "2009"]
[PlyCount "47"]
[EventDate "2008.08.11"]
[EventType "tourn"]
[EventRounds "10"]
[EventCountry "RUS"]
[SourceTitle "EXT 2022"]
[Source "ChessBase"]
[SourceDate "2021.10.06"]
[SourceVersion "1"]
[SourceVersionDate "2021.10.06"]
[SourceQuality "1"]

1. e4 c5 2. Nf3 Nc6 3. Bb5 a6 4. Bxc6 dxc6 5. 0-0 c4 6. Qe2 b5 7. b3 cxb3 8. axb3 Bg4 9. Bb2 e6 10. d4 Qf6 11. Nbd2 Bb4 12. c3 Be7 13. h3 Bxf3 14. Nxf3 Qf4 15. d5 Nf6 16. d6 Bd8 17. Rfe1 Nd7 18. e5 0-0 19. Bc1 Qf5 20. Nd4 Qg6 21. Nxc6 Nc5 22. Be3 Nb7 23. Qf3 f6 24. Nxd8 1-0

[Event "Alma-Ata City-ch"]
[Site "Almaty"]
[Date "2008.02.23"]
[Round "5"]
[White "Tanatarov, Sultan"]
[Black "Sukhov, Maxim"]
[Result "1-0"]
[WhiteElo "2109"]
[BlackElo "2128"]
[PlyCount "81"]
[EventDate "2008.02.19"]
[EventType "tourn"]
[EventRounds "9"]
[EventCountry "KAZ"]
[SourceTitle "CBM 123 Extra"]
[Source "ChessBase"]
[SourceDate "2008.05.06"]
[SourceVersion "1"]
[SourceVersionDate "2008.05.06"]
[SourceQuality "1"]

1. e4 c6 2. d4 d5 3. e5 Bf5 4. Nc3 e6 5. g4 Bg6 6. Nge2 c5 7. h4 h6 8. h5 Bh7 9. Be3 cxd4 10. Nxd4 Bb4 11. Bd3 Bxd3 12. Qxd3 Nc6 13. Nxc6 bxc6 14. a3 Ba5 15. 0-0-0 Ne7 16. Bc5 Bb6 17. Na4 Bxc5 18. Nxc5 Rb8 19. Rh3 Nc8 20. f4 Rb5 21. Qd4 Qe7 22. Rc3 a5 23. Nd3 0-0 24. Rxc6 Qb7 25. Rc5 Qa7 26. Qc3 Rxc5 27. Qxc5 Nb6 28. g5 Rc8 29. Qg1 Qc7 30. Rd2 Kh8 31. gxh6 gxh6 32. Rg2 Nc4 33. Qd4 Kh7 34. f5 Qb6 35. Qg4 Qe3+ 36. Kb1 Qg5 37. Qxg5 hxg5 38. fxe6 fxe6 39. Rxg5 Kh6 40. Rg6+ Kxh5 41. Rxe6 1-0

[Event "Alma-Ata City-ch"]
[Site "Almaty"]
[Date "2008.02.19"]
[Round "1"]
[White "Sukhov, Maxim"]
[Black "Primbetov, Kazbek"]
[Result "0-1"]
[WhiteElo "2128"]
[BlackElo "2171"]
[PlyCount "54"]
[EventDate "2008.02.19"]
[EventType "tourn"]
[EventRounds "9"]
[EventCountry "KAZ"]
[SourceTitle "CBM 123 Extra"]
[Source "ChessBase"]
[SourceDate "2008.05.06"]
[SourceVersion "1"]
[SourceVersionDate "2008.05.06"]
[SourceQuality "1"]

1. e4 d6 2. d4 g6 3. Nf3 Bg7 4. Bc4 Nf6 5. Qe2 0-0 6. 0-0 c6 7. Bb3 a5 8. a4 Qc7 9. h3 e5 10. dxe5 dxe5 11. Rd1 Na6 12. Nc3 Nc5 13. Bc4 Be6 14. b3 Bxc4 15. Qxc4 Ne6 16. Ng5 Nd4 17. Nb5 Nxb5 18. axb5 h6 19. Nf3 Rfc8 20. b6 Qxb6 21. Nxe5 Qc7 22. Bf4 b5 23. Qc5 Nxe4 24. Qd4 f5 25. f3 g5 26. Bh2 Rd8 27. Qb2 Qb6+ 0-1

[Event "Pavlodar op"]
[Site "Pavlodar"]
[Date "2007.12.19"]
[Round "6"]
[White "Egorov, Evgeni"]
[Black "Sukhov, Maxim"]
[Result "1-0"]
[WhiteElo "2376"]
[BlackElo "2098"]
[PlyCount "96"]
[EventDate "2007.12.16"]
[EventType "swiss"]
[EventRounds "11"]
[EventCountry "KAZ"]
[SourceTitle "CBM 122 Extra"]
[Source "ChessBase"]
[SourceDate "2008.03.04"]
[SourceVersion "1"]
[SourceVersionDate "2008.03.04"]
[SourceQuality "1"]

1. e4 c6 2. d4 d5 3. e5 Bf5 4. Nd2 e6 5. Nb3 Nd7 6. Nf3 Ne7 7. Be2 Bg6 8. 0-0 Nf5 9. Bd2 h5 10. a4 Qc7 11. a5 a6 12. c4 dxc4 13. Bxc4 Be7 14. Rc1 h4 15. Qe1 Qd8 16. h3 Bh5 17. Nh2 g5 18. Ng4 Nh6 19. Be2 Nxg4 20. hxg4 Bg6 21. Bb4 Rb8 22. Kh2 Bxb4 23. Qxb4 Qe7 24. Qxe7+ Kxe7 25. Nd2 f6 26. Nf3 Be4 27. exf6+ Kxf6 28. Rc3 Rhd8 29. Re3 Bxf3 30. Rxf3+ Ke7 31. Bc4 Nf8 32. Rb3 Rxd4 33. Bxa6 Rd7 34. Rc1 Kd6 35. Bd3 Kc7 36. Be4 Ra8 37. Rxb7+ Kxb7 38. Bxc6+ Kb8 39. Bxa8 Ra7 40. Bc6 Rxa5 41. b4 Ra2 42. b5 Rxf2 43. b6 Rb2 44. b7 Ng6 45. Be4 Ne7 46. Rc5 Nd5 47. Bxd5 exd5 48. Rxd5 Kxb7 1-0

[Event "Izmailov Memorial op 11th"]
[Site "Tomsk"]
[Date "2007.??.??"]
[Round "?"]
[White "Sukhov, Maxim"]
[Black "Kolomeitsev, Valery"]
[Result "1-0"]
[WhiteElo "2128"]
[BlackElo "2312"]
[PlyCount "53"]
[EventDate "2007.06.25"]
[EventType "swiss"]
[EventRounds "9"]
[EventCountry "RUS"]
[SourceTitle "EXT 2008"]
[Source "ChessBase"]
[SourceDate "2007.11.25"]
[SourceVersion "1"]
[SourceVersionDate "2007.11.25"]
[SourceQuality "1"]

1. e4 c5 2. Nf3 Nc6 3. Bb5 Nf6 4. e5 Nd5 5. Nc3 Nxc3 6. dxc3 d6 7. h3 Bd7 8. exd6 exd6 9. 0-0 Be7 10. Bf4 Be6 11. Qe2 0-0 12. Rad1 Qc7 13. Bc4 Bxc4 14. Qxc4 Qb6 15. b3 Rad8 16. Rd5 Rd7 17. Rfd1 Rfd8 18. a4 Bf8 19. Ng5 h6 20. Ne4 Na5 21. Qe2 Qc6 22. c4 b6 23. Qg4 Kh8 24. R1d3 Re8 25. Nf6 Re1+ 26. Kh2 Rd8 27. Bxh6 1-0

[Event "Izmailov Memorial op 11th"]
[Site "Tomsk"]
[Date "2007.??.??"]
[Round "?"]
[White "Sukhov, Maxim"]
[Black "Osipov, Vladimir"]
[Result "0-1"]
[WhiteElo "2128"]
[BlackElo "2240"]
[PlyCount "86"]
[EventDate "2007.06.25"]
[EventType "swiss"]
[EventRounds "9"]
[EventCountry "RUS"]
[SourceTitle "EXT 2008"]
[Source "ChessBase"]
[SourceDate "2007.11.25"]
[SourceVersion "1"]
[SourceVersionDate "2007.11.25"]
[SourceQuality "1"]

1. e4 Nc6 2. Nf3 d6 3. d4 Nf6 4. Nc3 Bg4 5. Bb5 a6 6. Bxc6+ bxc6 7. h3 Bc8 8. 0-0 e6 9. Bg5 h6 10. Bh4 Be7 11. e5 Nd7 12. Bxe7 Qxe7 13. Qd2 0-0 14. Ne4 c5 15. exd6 cxd6 16. dxc5 d5 17. Ng3 Qxc5 18. Rfe1 Re8 19. Ne5 Nxe5 20. Rxe5 f6 21. Re3 Ra7 22. Rd1 Rae7 23. Ne2 Qc4 24. b3 Qh4 25. Rg3 Qh5 26. Re1 Qe5 27. c3 Qd6 28. Nf4 g5 29. h4 Bb7 30. hxg5 hxg5 31. Nh3 Rg7 32. f4 Ree7 33. Qe3 e5 34. fxg5 f5 35. Qf2 f4 36. Rg4 Bc8 37. Rh4 Bxh3 38. Rxh3 Rxg5 39. Qh4 Reg7 40. Re2 Qg6 41. Qf2 e4 42. Kh2 f3 43. gxf3 exf3 0-1

[Event "Saratov Aratovsky Memorial 6th"]
[Site "Saratov"]
[Date "2006.11.29"]
[Round "3"]
[White "Pasiev, Rakhim"]
[Black "Sukhov, Maxim"]
[Result "1/2-1/2"]
[WhiteElo "2055"]
[BlackElo "2128"]
[PlyCount "80"]
[EventDate "2006.11.27"]
[EventType "swiss"]
[EventRounds "9"]
[EventCountry "RUS"]
[SourceTitle "EXT 2008"]
[Source "ChessBase"]
[SourceDate "2007.11.25"]
[SourceVersion "1"]
[SourceVersionDate "2007.11.25"]
[SourceQuality "1"]

1. e4 c5 2. Nf3 Nc6 3. Bb5 e6 4. 0-0 Nge7 5. c3 a6 6. Ba4 b5 7. Bc2 Ng6 8. d4 d6 9. Be3 Be7 10. e5 cxd4 11. cxd4 Bb7 12. Nc3 dxe5 13. d5 exd5 14. Nxd5 Nd4 15. Bxd4 Qxd5 16. Bb3 Qd6 17. Bc3 0-0 18. Qxd6 Bxd6 19. Rad1 Bxf3 20. Rxd6 Bb7 21. Rd7 Bc6 22. Rc7 Rac8 23. Bxf7+ Kh8 24. Rxc8 Rxc8 25. Bxg6 hxg6 26. Bxe5 Bd5 27. a3 Rc2 28. h3 Re2 29. Bc3 Bb3 30. Rc1 Kg8 31. f3 Kf7 32. Kh2 g5 33. Bd4 Bc2 34. Kg3 g6 35. Bc3 Ke6 36. f4 Be4 37. fxg5 Rxg2+ 38. Kf4 Bf5 39. Rh1 Kd5 40. h4 Bg4 1/2-1/2